000 00390nam a2200145 i 4500
001 85649
003 ES-MaACL
007 t|
008 041130s1974 fr ||||1| fre d
100 1 _aJuly, Pierre.
_967265
245 1 4 _aUne repúblique pour un Roi /
_cPierre July.
260 _a[Paris] :
_bFayard,
_c[1974]
300 _a285 p. :
_bil. ;
_c22 cm.
852 _aES-MaACL
_jE-5631
_bR.90102
999 _c85649
_d85649